000 00346nam a2200097Ia 4500
008 220120s9999||||xx |||||||||||||| ||und||
100 _aAjina, Akhila Joseph, Amaya and Dheesha
_912645
245 2 _aA distrubuted three HOP routing protocol to increase the cap
260 _aCoorg Institute of Technology
_bPonnampet
_c2017
650 _aCOMPUTER SCIENCE
999 _c138244
_d138244